|
|
|
|
| LEADER |
00000nam0a2200000 4500 |
| 001 |
302620 |
| 005 |
20231102001524.0 |
| 020 |
|
|
|a RU
|b 83-32455
|
| 035 |
|
|
|a (RuTPU)RU\TPU\book\327827
|
| 090 |
|
|
|a 302620
|
| 100 |
|
|
|a 20150825d1983 m y0rusy5003 ca
|
| 101 |
0 |
|
|a rus
|
| 102 |
|
|
|a RU
|
| 105 |
|
|
|a a j 000zy
|
| 200 |
1 |
|
|a Организация и планирование снабжения и сбыта в народном хозяйстве
|e учебник для техникумов
|f Н. Д. Фасоляк, П. В. Смирнов
|
| 205 |
|
|
|a 2-е изд., перераб. и доп.
|
| 210 |
|
|
|a Москва
|c Экономика
|d 1983
|
| 215 |
|
|
|a 279 с.
|c ил.
|
| 606 |
1 |
|
|a Снабженческо-сбытовые организации
|x Организация работы
|2 stltpush
|3 (RuTPU)RU\TPU\subj\55357
|9 73394
|
| 606 |
1 |
|
|a Материально-производственные запасы
|2 stltpush
|3 (RuTPU)RU\TPU\subj\36391
|9 57790
|
| 610 |
1 |
|
|a материально-техническое снабжение
|
| 610 |
1 |
|
|a промышленная продукция
|
| 610 |
1 |
|
|a сбыт
|
| 610 |
1 |
|
|a сбытовая деятельность
|
| 610 |
1 |
|
|a распределение
|
| 610 |
1 |
|
|a материальные балансы
|
| 610 |
1 |
|
|a ассортимент
|
| 610 |
1 |
|
|a планирование
|
| 610 |
1 |
|
|a поставщики
|
| 610 |
1 |
|
|a потребители
|
| 610 |
1 |
|
|a хозяйственные договоры
|
| 610 |
1 |
|
|a номенклатура
|
| 610 |
1 |
|
|a номенклатурные каталоги
|
| 610 |
1 |
|
|a номенклатурные справочники
|
| 610 |
1 |
|
|a учет
|
| 610 |
1 |
|
|a отчетность
|
| 610 |
1 |
|
|a учебники
|
| 675 |
|
|
|a 658.7(075.32)
|z rus
|v 3
|
| 686 |
|
|
|a У9(2)40я72
|2 rubbk
|
| 700 |
|
1 |
|a Фасоляк
|b Н. Д.
|g Николай Дмитриевич
|4 070
|
| 701 |
|
1 |
|a Смирнов
|b П. В.
|g Петр Васильевич
|4 070
|
| 801 |
|
0 |
|a RU
|b RuMRKP
|c 19950704
|g psbo
|
| 801 |
|
1 |
|a RU
|b 63413507
|c 20150825
|
| 801 |
|
2 |
|a RU
|b 63413507
|c 20161115
|g RCR
|
| 942 |
|
|
|c BK
|